header

The Mediterranean context of early Greek history (Record no. 52772)

MARC details
000 -LEADER
fixed length control field 01990nam a2200397 a 4500
082 04 - DEWEY DECIMAL CLASSIFICATION NUMBER
Classification number 938/.01
100 1# - MAIN ENTRY--AUTHOR NAME
Personal name Demand, Nancy H.
245 14 - TITLE STATEMENT
Title The Mediterranean context of early Greek history
260 ## - PUBLICATION, DISTRIBUTION, ETC. (IMPRINT)
Place of publication Chichester, U.K. ;
-- Malden, Mass. :
Name of publisher Wiley-Blackwell,
Year of publication 2011.
300 ## - PHYSICAL DESCRIPTION
Number of Pages xvi, 353 p. :
Other physical details ill., maps.
505 0# - FORMATTED CONTENTS NOTE
Formatted contents note Introduction : the fantastic cauldron of the Mediterranean koine -- Seafaring in the mesolithic Mediterranean -- The neolithic revolution/transition -- The neolithic diaspora -- Urbanization in Mesopotamia -- The 3rd millennium -- The middle Bronze Age (2000-1550): recoveries -- Late Bronze Age maritime networks -- The late Bronze Age collapse and its aftermath -- Recovery and expansion (1050-850 BC).
650 #0 - SUBJECT ADDED ENTRY--TOPICAL TERM
Topical Term Bronze age
Topical Term City-states
856 40 - ELECTRONIC LOCATION AND ACCESS
Uniform Resource Identifier http://site.ebrary.com/lib/rucke/Doc?id=10630508

No items available.

© 2026 Rongo University
Contact us: librarian | system librarian | Rongo university